| 000 | 00482nam a2200169Ia 4500 | ||
|---|---|---|---|
| 008 | 230917s9999||||xx |||||||||||||| ||und|| | ||
| 020 | _cRS750 | ||
| 040 |
_e224935 _aMAIN |
||
| 041 | _aEnglish | ||
| 082 | _a301.44095482 F958T | ||
| 100 | _aFuller, C J | ||
| 245 | 0 | _aTamil Brahmans : The making of a middle-Class caste | |
| 260 |
_aNew Delhi _bSocial Science Prees _c2015 |
||
| 300 | _ax, 278 p. | ||
| 500 | _a1973 13/02/2015 HBD6297 23/02/2015 Sociology UGC SAP | ||
| 942 | _cBK | ||
| 999 |
_c14759 _d14759 |
||